000 02319nam a2200277 a 4500
001 BRCA_8947
005 20190320210453.0
008 030717s1688----po-#######---#000-0#spa-#
041 _aspa
044 _apo
084 _aLE40
_b.B37 1688
100 1 _aBarzi y Zambrana, Joseph y
_922235
245 1 0 _aQuaresma de sermones doctrinales, duplicados, para todos los Domingos, Miércoles y Viernes, y algunas otras ferias, con remissiones copiosas al Despertador Christiano de Sermones para los mismos días
_btomo II: que dedica a la purissima reyna de los ángeles, y hombres María Santissima N. S. en su Milagrosa, y devotissima Imagen del Sagrado de la Santa Iglesia de Toledo, por mano, y en nombre del Eminentissimo Señor D. Luis Manuel Fernández Portocarrero, Presbitero Cardenal de la Santa Iglesia de Roma, &c
_csu author el doctor D. Joseph de Barzia y Zambrana.
260 _aLisboa
_bEn la Imprenta de Theotonio Craesbeeck de Mello
_c1688
300 _a414 p. (t.2)
_c20 x 15.4 cm
500 _aCon privilegio real
500 _aEstado físico: presenta encuadernación en pergamino deteriorada, con lomo desprendido y cintas rotas
500 _aCon marca de fuego: “Procedencia de la marca: Colegio de la Santa Cruz de Querétaro(1)(2). Institución: Congregación de Propaganda Fide Descripción: Monograma ´SATO´ que se desata como San Antonio. Le sigue la abreviatura: ´Q´ de Querétaro. Corona el monograma y la inicial la palabra ´posto´ que podría hacer referencia a ´Apostólico´. Observaciones: Esta marca no se localiza en los catálogos impresos anteriores. La primera imagen de la marca de fuego corresponde al libro modelo ya que está más clara y definida. Sin embargo, el testimonio de pertenencia y la segunda imagen de la marca de fuego, pertenece al segundo ejemplar. Ubicación de la marca en el libro: Canto superior y frontal.”
650 1 4 _aTeología pastoral
_yObras anteriores a 1800
_922236
650 1 4 _aCuaresma
_xSermones
_yObras anteriores a 1800
_922237
650 1 4 _aSermones españoles
_yObras anteriores a 1800
_921577
700 1 _aFernández Portocarrero, Luis Manuel
_922238
856 _ahttp://www.marcasdefuego.buap.mx:8180/xmLibris/projects/firebrand/item.jsp?repository=marcas_de_fuego&key=422f0a15.xml&num=17
902 _aCFM
942 _2lcc
_cB
999 _c8598
_d8598